Marketingový mix - tvorba a realizácia v mikroprostredí firmy = Marketing mix - creation and implementation in the company micro-environment : Diplomová práca

Guardado en:
Detalles Bibliográficos
Autor principal: Masaryková, Marcela (Autor)
Otros Autores: Jacinto Assuncao, Domingos (xxx)
Formato: Manuscrito Libro
Lenguaje:eslovaco
Publicado: Trnava : STU v Bratislave MTF UPMK, 2008
Materias:
Etiquetas: Agregar Etiqueta
Sin Etiquetas, Sea el primero en etiquetar este registro!

MARC

LEADER 00000ntm a22000003a 4500
001 stu158213
005 20160719155813.0
008 080219s2008----xo------------------slo-d
040 |a STU  |b slo 
041 0 |a slo 
044 |a xo 
100 1 |a Masaryková, Marcela  |4 aut 
245 1 |a Marketingový mix - tvorba a realizácia v mikroprostredí firmy = Marketing mix - creation and implementation in the company micro-environment :  |b Diplomová práca 
260 |a Trnava :  |b STU v Bratislave MTF UPMK,  |c 2008 
300 |a 89 s  |c 1 CD-ROM 
500 |a Program: priemyselné manažérstvo 
650 7 |a marketing  |2 estusub 
700 1 |a Jacinto Assuncao, Domingos  |4 xxx  |u M4000  |U MTF Materiálovotechnologická fakulta  |T MTF Ústav priemyselného inžinierstva a manažmentu  |X 3648  |U M4000  |Y 84  |7 A000003648 
996 |b 284M067319  |c M*DP-7048  |l MMSKP  |s P  |a 0  |w stu158213_0001